01433cam a22003617a 4500003000500000005001700005008004100022010001000063011001000073035001000083040000900093082001400102111009200116245013700208260007500345300001100420590004100431590004100472590004100513590004100554590004200595650002800637650003800665650002800703700003600731700002600767710004100793901000700834942001000841949006900851999001700920952013400937CHAP20220817041829.0971013s1961 r 10010 d a25868 a26840 a30941 cCHAP a338.9bC600aConference on Problems of Economic Development (n1d: 1960c: Bellagio, Italia)926428 0aRegional economic planningb: techniques of analysis for less developed areas : papers and proceedings of the first study conference aParis :bOrganisation for Economic Co-operation and Development,c1961 a450 p. aBATCH-UPDb10c20130110lUCH01h0029 aBATCH-UPDb10c20130110lUCH01h1025 aBATCH-UPDb10c20130410lUCH01h0629 aBATCH-UPDb10c20130914lUCH01h1029 aCONVERSIONb10c20130109lUCH01h131514aDesarrollo económico.14aPaíses subdesarrollados.98514914aPolítica económica.0 aCumberland, John H.eed.9304130 aIsard, Walter.9605390 aEuropean Productivity Agency.938892 aBK cLIBRO a338.9 C6bBCcLIBROd33724000417747eLIBROh6416i30941sit6.25 c25868d25868 00102ddc4052708GRALaBCbBCcPA_GRALd2019-12-31fLIBROl0o338.9 C6p33724000417747r2019-12-31 00:00:00w2019-12-31yLIBRO